000 00987cab a2200193 4500
001 ##L134116
008 060711n2006 000 0 eng u
035 _a(Sirsi) u134116
041 0 _aeng
100 1 _aTinworth, Adam
245 0 0 _aVirtual realty
260 _c2006
490 0 _aEstates Gazette
_v(0626) 1 July 2006, 70-72(3)
520 _aLooks at the future of property on screen: video brochures, interactive maps and images linked to data. Building information is coming to desktops in the form of photos, maps and plans, in vital colour and in detail, with the arrival of mapping products from Google and Microsoft. Focuses on the web-based property software produced by Scandinavian firm Pythagoras which holds information on properties in the form of maps embedded lease data.
590 _aIKA180706
651 4 _aUnited Kingdom
_y
690 _aENVIRONMENTAL AND LAND CONSULTANCY-GEOMATICS-GEOGRAPHIC INFORMATION SCIENCE-GEOGRAPHIC INFORMATION SYSTEMS
942 _n0
999 _c77376
_d77376